| 000 | 00750cam a2200217 4500500 | ||
|---|---|---|---|
| 005 | 20260111080411.0 | ||
| 041 | _afre | ||
| 042 | _adc | ||
| 100 | 1 | 0 |
_aGarcia, Léo _eauthor |
| 245 | 0 | 0 | _aL’intervention du droit souple financier : quelles conséquences pour la liberté et la solidarité intercommunale ? |
| 260 | _c2020. | ||
| 500 | _a49 | ||
| 690 | _adroit souple | ||
| 690 | _aEPCI | ||
| 690 | _afinances locales | ||
| 690 | _aintercommunalité | ||
| 690 | _apacte financier et fiscal | ||
| 690 | _asubvention | ||
| 786 | 0 | _nGestion & Finances Publiques | 2 | 2 | 2020-04-29 | p. 29-34 | 1969-1009 | |
| 856 | 4 | 1 | _uhttps://droit.cairn.info/revue-gestion-et-finances-publiques-2020-2-page-29?lang=fr&redirect-ssocas=7080 |
| 999 |
_c1616257 _d1616257 |
||